00641nam a2200241 a 4500001001300000003000900013005001700022008004100039020001000080082001600090100001700106245002700123260003600150300000900186500003500195505001000230650001600240700001700256902000800273942000700281952009600288999001500384nice12345678IN_TiNIC20260116011504.0050524s1961 dela grp 000 0 eng  ac10000a297.4bARB1 aArberry, A J aTales from the Masnavi aDelhibAastana Book Depotc1961 a300p aincludes index and biblioraphy2 aIndex aSufism-Rumi1 aArberry, A J bSRS cBK 00104070aHMIbHMId2009-03-16g100.00l0o297.4 ARB1p02603r2009-03-16w2026-01-16yEB c1993d1993